Solutions of problems in Theory of Machines (Record no. 546028)
[ view plain ]
| 000 -LEADER | |
|---|---|
| fixed length control field | 00437nam a22001457a 4500 |
| 082 ## - DEWEY DECIMAL CLASSIFICATION NUMBER | |
| Classification number | 621.801 |
| Author Mark | SHA |
| -- | L-5, P-1 |
| 100 ## - MAIN ENTRY--PERSONAL NAME | |
| Personal name | Shahane |
| 9 (RLIN) | 40703 |
| 245 ## - TITLE STATEMENT | |
| Title | Solutions of problems in Theory of Machines |
| Statement of responsibility, etc. | Shahane |
| 260 ## - PUBLICATION, DISTRIBUTION, ETC. | |
| Place of publication, distribution, etc. | bombay |
| Name of publisher, distributor, etc. | engineering book co. |
| 300 ## - PHYSICAL DESCRIPTION | |
| Extent | ii, p 296, |
| Other physical details | ill. : |
| Dimensions | 17 cm |
| 526 ## - STUDY PROGRAM INFORMATION NOTE | |
| Program name | 0 |
| Interest level | 0 |
| Reading level | 0 |
| Title point value | 621_000000000000000_801SHA |
| 526 ## - STUDY PROGRAM INFORMATION NOTE | |
| Program name | 0 |
| Interest level | 0 |
| Reading level | 0 |
| Title point value | 621_000000000000000_801SHA |
| 650 ## - SUBJECT ADDED ENTRY--TOPICAL TERM | |
| Topical term or geographic name entry element | MCE |
| 9 (RLIN) | 379 |
| 942 ## - ADDED ENTRY ELEMENTS (KOHA) | |
| Source of classification or shelving scheme | |
| Koha item type | Book |
| Withdrawn status | Lost status | Source of classification or shelving scheme | Damaged status | Not for loan | Permanent Location | Current Location | Date acquired | Total Checkouts | Full call number | Barcode | Date last seen | Price effective from | Koha item type |
|---|---|---|---|---|---|---|---|---|---|---|---|---|---|
| Military College of Engineering (MCE) | Military College of Engineering (MCE) | 06/02/2014 | 621.801SHA | MCE-33387 | 06/02/2014 | 03/14/2021 | Book | ||||||
| Military College of Engineering (MCE) | Military College of Engineering (MCE) | 06/02/2014 | 621.801SHA | MCE-3378 | 06/02/2014 | 03/14/2021 | Book |
